Word Ladder: Analogies Quiz Stats

 Plays Quiz Updated Sep 18, 2018

Score 0/13 Timer 03:00
3 Plays Today
Analogy 4-Letter Word % Correct
cat : meow :: dog : ____BARK
97.4%
light : day :: ____ : nightDARK
96.8%
____ : finger :: branch : leafHAND
96.6%
guitarist : ____ :: soprano : choirBAND
93.8%
closet : clothes :: ____ : moneyBANK
92.8%
Ernie : ____ :: Joey : ChandlerBERT
88.9%
____ : toes :: branches : leavesFEET
88.3%
____ : Homer :: Milhouse : KirkBART
86.7%
broken : whole :: ____ : straightBENT
85.6%
target : ____ :: hoop : basketballDART
85.2%
party : ____ :: scandal : gateFEST
58.1%
Musetta : La Bohème :: Maureen : ____RENT
56.9%
timeout : game :: ____ : symphonyREST
55.2%

Today's Daily Dose

You're not logged in!

Compare scores with friends on all Sporcle quizzes.
OR
Log In

Sporcle TV

Today on Sporcle TV


Watch our educational content, quiz creation guides, and fun videos on Sporcle TV.

Show Comments

Extras

Top Quizzes Today


Score Distribution

Your Account Isn't Verified!

In order to create a playlist on Sporcle, you need to verify the email address you used during registration. Go to your Sporcle Settings to finish the process.

Report this User

Report this user for behavior that violates our Community Guidelines.

Details: